China's megatrends : (Record no. 628)
[ view plain ]
| 000 -LEADER | |
|---|---|
| fixed length control field | 02270cam a2200433 a 4500 |
| 001 - CONTROL NUMBER | |
| control field | 15771640 |
| 003 - CONTROL NUMBER IDENTIFIER | |
| control field | OSt |
| 005 - DATE AND TIME OF LATEST TRANSACTION | |
| control field | 20140310181634.0 |
| 008 - FIXED-LENGTH DATA ELEMENTS--GENERAL INFORMATION | |
| fixed length control field | 090611s2010 nyu b 001 0 eng |
| 010 ## - LIBRARY OF CONGRESS CONTROL NUMBER | |
| LC control number | 2009023554 |
| 020 ## - INTERNATIONAL STANDARD BOOK NUMBER | |
| International Standard Book Number | 9780061859441 |
| 020 ## - INTERNATIONAL STANDARD BOOK NUMBER | |
| International Standard Book Number | 0061859443 |
| 035 ## - SYSTEM CONTROL NUMBER | |
| System control number | (OCoLC)ocn396196771 |
| 040 ## - CATALOGING SOURCE | |
| Original cataloging agency | DLC |
| Transcribing agency | DLC |
| Modifying agency | YDX |
| -- | MOF |
| -- | BWX |
| -- | YDXCP |
| -- | VP@ |
| -- | TBS |
| -- | CO3 |
| -- | DLC |
| 043 ## - GEOGRAPHIC AREA CODE | |
| Geographic area code | a-cc--- |
| 050 00 - LIBRARY OF CONGRESS CALL NUMBER | |
| Classification number | HC 427.95 |
| Item number | .N158 2010 |
| 082 00 - DEWEY DECIMAL CLASSIFICATION NUMBER | |
| Classification number | TR 330.951 |
| Item number | N13 2010 |
| 100 1# - MAIN ENTRY--PERSONAL NAME | |
| Personal name | Naisbitt, John. |
| 245 10 - TITLE STATEMENT | |
| Title | China's megatrends : |
| Remainder of title | the 8 pillars of a new society / |
| Statement of responsibility, etc | John and Doris Naisbitt. |
| 250 ## - EDITION STATEMENT | |
| Edition statement | 1st ed. |
| 260 ## - PUBLICATION, DISTRIBUTION, ETC. (IMPRINT) | |
| Place of publication, distribution, etc | New York, NY : |
| Name of publisher, distributor, etc | Harper Business, |
| Date of publication, distribution, etc | c2010. |
| 300 ## - PHYSICAL DESCRIPTION | |
| Extent | xii, 257 p. ; |
| Dimensions | 24 cm. |
| 504 ## - BIBLIOGRAPHY, ETC. NOTE | |
| Bibliography, etc | Includes bibliographical references and index. |
| 505 0# - FORMATTED CONTENTS NOTE | |
| Formatted contents note | Prologue: a new system on the rise -- Introduction -- Pillar number one: emancipation of the mind -- Pillar number two: balancing top-down and bottom-up -- Pillar number three: framing the forest and letting the trees grow -- Pillar number four: crossing the river by feeling the stones -- Pillar number five: artistic and intellectual ferment -- Pillar number six: joining the world -- Pillar number seven: freedom and fairness -- Pillar number eight: From Olympic gold medals to Nobel prizes -- Matters in dispute. |
| 520 ## - SUMMARY, ETC. | |
| Summary, etc | Analyzes data and information from across all of China's provinces and cities to offer a unique perspective on the transformation that is reshaping the country's economic, social and political systems. |
| 521 ## - TARGET AUDIENCE NOTE | |
| Target audience note | |
| 541 ## - IMMEDIATE SOURCE OF ACQUISITION NOTE | |
| -- | 1 |
| 562 ## - COPY AND VERSION IDENTIFICATION NOTE | |
| Number of copies | For circulation. 1 copy in the collection |
| 650 #0 - SUBJECT ADDED ENTRY--TOPICAL TERM | |
| Topical term or geographic name as entry element | Economic forecasting |
| Geographic subdivision | China. |
| 650 #0 - SUBJECT ADDED ENTRY--TOPICAL TERM | |
| Topical term or geographic name as entry element | Social prediction |
| Geographic subdivision | China. |
| 651 #0 - SUBJECT ADDED ENTRY--GEOGRAPHIC NAME | |
| Geographic name | China |
| General subdivision | Economic conditions |
| Chronological subdivision | 2000- |
| 651 #0 - SUBJECT ADDED ENTRY--GEOGRAPHIC NAME | |
| Geographic name | China |
| General subdivision | Social conditions |
| Chronological subdivision | 2000- |
| 700 1# - ADDED ENTRY--PERSONAL NAME | |
| Personal name | Naisbitt, Doris. |
| 856 42 - ELECTRONIC LOCATION AND ACCESS | |
| Materials specified | Contributor biographical information |
| Uniform Resource Identifier | <a href="http://www.loc.gov/catdir/enhancements/fy1010/2009023554-b.html">http://www.loc.gov/catdir/enhancements/fy1010/2009023554-b.html</a> |
| 856 42 - ELECTRONIC LOCATION AND ACCESS | |
| Materials specified | Publisher description |
| Uniform Resource Identifier | <a href="http://www.loc.gov/catdir/enhancements/fy1010/2009023554-d.html">http://www.loc.gov/catdir/enhancements/fy1010/2009023554-d.html</a> |
| 906 ## - LOCAL DATA ELEMENT F, LDF (RLIN) | |
| a | 7 |
| b | cbc |
| c | orignew |
| d | 1 |
| e | ecip |
| f | 20 |
| g | y-gencatlg |
| 942 ## - ADDED ENTRY ELEMENTS (KOHA) | |
| Source of classification or shelving scheme | Library of Congress Classification |
| Koha item type | |
| Call number prefix | |
| Withdrawn status | Lost status | Source of classification or shelving scheme | Damaged status | Home library | Current library | Shelving location | Date acquired | Total Checkouts | Full call number | Barcode | Date last seen | Copy number | Price effective from | Koha item type |
|---|---|---|---|---|---|---|---|---|---|---|---|---|---|---|
| Library of Congress Classification | Luxembourg Library | Luxembourg Library | Teachers Reference Section | 03/17/2012 | HC 427.95 .N158 2010 | 18462 | 08/13/2013 | 1 | 10/03/2013 | Books |